000 006280000a22001810004500
003 MACL
005 20160505121610.0
008 160505b xxu||||| |||| 00| 0 eng d
040 _aMACL
_cMACL
041 _aHindi
082 _a800 SIN
100 _aसिन्‍हा, तारा
_955265
245 _aबाबा की छत्रछाया में
_cतारा सिन्‍हा
260 _aनई दिल्‍ली
_bसस्‍ता साहित्‍य मंडल प्रकाशन
_c2011
350 _a300
650 _aसंस्‍मरण
_954854
942 _cHIN
_k800
_2ddc
999 _c47426
_d47426